| 000 | 00924nam a2200289Ia 4500 | ||
|---|---|---|---|
| 008 | 160319s9999 xx 000 0 und d | ||
| 020 | _a971072262X | ||
| 050 | _a808.8 | ||
| 050 | _bR457l 2005 | ||
| 100 | _aReyes, Linda D. | ||
| 245 | _aLanguage in literature : | ||
| 245 | _bPhilippine literature : first year / | ||
| 245 | _cLinda D. Reyes ; Lourdes M. Ribo, author-editor | ||
| 250 | _aRevise edition. | ||
| 260 | _aQuezon City : | ||
| 260 | _bVibal Pub. House Inc. | ||
| 260 | _c2005 | ||
| 300 | _avi, 379 p. : | ||
| 300 | _bill. ; | ||
| 300 | _c26 cm. | ||
| 440 | _aHigh school English series. | ||
| 500 | _aBibliography: p. 379 | ||
| 650 | _aEnglish language -- Rhetoric -- Study and teaching (Secondary) | ||
| 650 | _aEnglish language -- Study and teaching (Secondary) | ||
| 650 | _aPhilippine literature -- Study and teaching (Secondary) | ||
| 700 | _aRibo, Lourdes M., added author. | ||
| 999 |
_c292181 _d292181 |
||